000 00311nam a2200133Ia 4500
008 191201s2011 xx 000 0 und d
100 _aKAHATE, Atul
245 0 _aCryptography and Network Security
250 _a12 Rep
260 _c2011
_bMGH
_aN. delhi
300 _a541
650 _aCSE
942 _2ddc
_cBB
_02
999 _c7425
_d7425